[Event "FICS rated blitz game"]
[Site "FICS freechess.org"]
[Date "2018.01.21"]
[Round "?"]
[White "Uddo"]
[Black "ReallyBadPlayer"]
[Result "1-0"]
[WhiteElo "1489"]
[BlackElo "1381"]
[PlyCount "49"]
[EventDate "2018.??.??"]
[EventType "blitz"]

1. e4 e5 2. Nf3 Nc6 3. c3 Nf6 4. d4 exd4 5. e5 Ng4 6. cxd4 d5 7. Bb5 Bb4+ 8.
Nc3 O-O 9. h3 Nh6 10. Bxh6 gxh6 11. O-O Be7 12. Bd3 Kh8 13. a3 Rg8 14. Qc2 Bxh3
15. g3 Bxf1 16. Bxh7 Rg7 17. Bf5 Ba6 18. b4 b5 19. Rc1 Qg8 20. Nxd5 Bd8 21.
Qxc6 Bc8 22. Bb1 Bh3 23. Qxa8 Rxg3+ 24. Kh2 Rg2+ 25. Kxh3 1-0

[Event "FICS rated standard game"]
[Site "FICS freechess.org"]
[Date "2018.01.21"]
[Round "?"]
[White "CarveItUp"]
[Black "epifend"]
[Result "0-1"]
[WhiteElo "1702"]
[BlackElo "1791"]
[PlyCount "62"]
[EventDate "2018.??.??"]

1. e4 e5 2. Nf3 Nc6 3. c3 Bc5 4. b4 Bb6 5. d4 exd4 6. cxd4 Nxb4 7. Nc3 Ba5 8.
Bd2 d6 9. a3 Nc6 10. Bc4 h6 11. Qb3 Qe7 12. O-O Nf6 13. Nd5 Nxd5 14. exd5 Bxd2
15. dxc6 Be6 16. Nxd2 bxc6 17. Rfe1 d5 18. Ba6 O-O 19. Qb7 Qg5 20. Nf3 Qf4 21.
Rab1 Bg4 22. Be2 a5 23. Qxc6 Rfe8 24. Qxd5 Rad8 25. Qxa5 Bf5 26. Rbc1 Rxe2 27.
Rxe2 Qxc1+ 28. Re1 Qc6 29. d5 Rxd5 30. Qxd5 Qxd5 31. Re8+ Kh7 {White resigns}
0-1

[Event "FICS rated blitz game"]
[Site "FICS freechess.org"]
[Date "2018.01.21"]
[Round "?"]
[White "feroze"]
[Black "Fleskusflint"]
[Result "1-0"]
[WhiteElo "1466"]
[BlackElo "1409"]
[PlyCount "43"]
[EventDate "2018.??.??"]
[EventType "blitz"]

1. e4 e5 2. Nf3 Nc6 3. c3 h6 4. d4 exd4 5. Bc4 dxc3 6. O-O d6 7. Nxc3 Be6 8.
Nd5 Bxd5 9. exd5 Nce7 10. Re1 Qd7 11. Nd4 O-O-O 12. Bb5 c6 13. dxc6 Nxc6 14.
Bf4 Nge7 15. Rc1 g5 16. Nxc6 Nxc6 17. Bg3 Kb8 18. Qb3 Rc8 19. Bxc6 Rxc6 20.
Rxc6 Qxc6 21. Qxf7 Qc7 22. Re8+ {Black resigns} 1-0

[Event "FICS rated blitz game"]
[Site "FICS freechess.org"]
[Date "2018.01.21"]
[Round "?"]
[White "chandhu"]
[Black "rusalka"]
[Result "0-1"]
[WhiteElo "1248"]
[BlackElo "1225"]
[PlyCount "60"]
[EventDate "2018.??.??"]
[EventType "blitz"]

1. e4 e5 2. Nf3 Nc6 3. c3 d5 4. d4 dxe4 5. Nxe5 Be7 6. d5 Nxe5 7. Qa4+ Bd7 8.
Qxe4 Bd6 9. f4 Nf6 10. Qe2 Bg4 11. Qb5+ Ned7 12. Be2 Qe7 13. Nd2 O-O 14. Nf3
Nb6 15. O-O Nfxd5 16. Ne5 a6 17. Qd3 Bf5 18. Qxf5 g6 19. Qd3 Nf6 20. Nc4 Nxc4
21. Qxc4 b5 22. Qd3 Rfe8 23. Bf3 Rab8 24. Bc6 Red8 25. Qh3 Qe2 26. f5 Bc5+ 27.
Be3 Bxe3+ 28. Kh1 Ng4 29. Rae1 Qc4 30. Qxg4 Qxg4 {White resigns} 0-1

[Event "FICS rated blitz game"]
[Site "FICS freechess.org"]
[Date "2018.01.21"]
[Round "?"]
[White "Jouska"]
[Black "fabttt"]
[Result "0-1"]
[WhiteElo "909"]
[BlackElo "1496"]
[PlyCount "48"]
[EventDate "2018.??.??"]
[EventType "blitz"]

1. e4 e5 2. Nf3 Nc6 3. c3 a6 4. d3 Bc5 5. Nbd2 Nge7 6. Nb3 Ba7 7. a3 d6 8. Be3
O-O 9. Bxa7 Rxa7 10. g3 f5 11. Bg2 f4 12. Qd2 b5 13. h3 Be6 14. Qc2 a5 15. g4
b4 16. c4 a4 17. Nbd2 b3 18. Qc3 Ng6 19. h4 Bxg4 20. Ng5 Nd4 21. Bh3 Bxh3 22.
Rxh3 Nc2+ 23. Ke2 Nxa1 24. Ne6 f3+ 0-1

[Event "FICS rated lightning game"]
[Site "FICS freechess.org"]
[Date "2018.01.21"]
[Round "?"]
[White "rendelan"]
[Black "TWG"]
[Result "1-0"]
[WhiteElo "1937"]
[BlackElo "1826"]
[PlyCount "107"]
[EventDate "2018.??.??"]

1. e4 e5 2. Nf3 Nc6 3. c3 Nf6 4. d4 exd4 5. e5 Qe7 6. Qe2 Ng4 7. cxd4 d5 8. h3
Nh6 9. Bg5 f6 10. Bxh6 gxh6 11. exf6 Qxe2+ 12. Bxe2 Bf5 13. Nc3 O-O-O 14. O-O
Bd6 15. Rfe1 Rhg8 16. Kh1 h5 17. Nh4 Be4 18. Bf3 Bxf3 19. Nxf3 Rg6 20. Nxd5 Bf8
21. Ne7+ Nxe7 22. fxe7 Bxe7 23. Rxe7 Rdg8 24. g3 Kd8 25. Nh4 Rd6 26. Rxh7 Rxd4
27. Rxh5 Rf8 28. Kg2 Rd2 29. Rf1 Rxb2 30. Nf3 Rxa2 31. Rd5+ Kc8 32. Ne5 c6 33.
Ng4 cxd5 34. Nh6 Rf6 35. Ng4 Rd6 36. h4 d4 37. h5 d3 38. h6 d2 39. Rd1 Rc2 40.
h7 Rd8 41. Rh1 Rh8 42. Rd1 b5 43. Nf6 Rf8 44. Kf3 Rxf6+ 45. Ke2 Rh6 46. h8=Q+
Rxh8 47. Rxd2 Rxd2+ 48. Kxd2 Re8 49. g4 a5 50. g5 Kb7 51. g6 Kb6 52. g7 Rg8 53.
f4 Rxg7 54. f5 1-0

[Event "FICS rated blitz game"]
[Site "FICS freechess.org"]
[Date "2018.01.21"]
[Round "?"]
[White "Kyrseesee"]
[Black "LuckyJoe"]
[Result "1-0"]
[WhiteElo "1350"]
[BlackElo "1343"]
[PlyCount "53"]
[EventDate "2018.??.??"]
[EventType "blitz"]

1. e4 e5 2. Nf3 Nc6 3. c3 d6 4. d4 exd4 5. cxd4 Bg4 6. Be2 Qd7 7. O-O h5 8. Qa4
O-O-O 9. d5 Ne5 10. Nxe5 dxe5 11. Bxg4 Qxg4 12. Qxa7 Qxe4 13. Qa8+ Kd7 14. Qxb7
Bd6 15. Qc6+ Ke7 16. Nc3 Qg4 17. h3 Qg6 18. f4 e4 19. Bd2 Nf6 20. Rae1 Rhe8 21.
Nxe4 Kf8 22. Nxd6 Rxd6 23. Qxc7 Rd7 24. Qc4 Rxe1 25. Rxe1 Nxd5 26. Qc8+ Rd8 27.
Qxd8# {Black checkmated} 1-0

[Event "FICS rated blitz game"]
[Site "FICS freechess.org"]
[Date "2018.01.21"]
[Round "?"]
[White "jsssstplayinn"]
[Black "abudhabi"]
[Result "0-1"]
[WhiteElo "1589"]
[BlackElo "1614"]
[PlyCount "96"]
[EventDate "2018.??.??"]
[EventType "blitz"]

1. e4 e5 2. Nf3 Nc6 3. c3 Bc5 4. Bb5 d6 5. d4 exd4 6. cxd4 Bb4+ 7. Nc3 Bxc3+ 8.
bxc3 Nge7 9. d5 a6 10. dxc6 axb5 11. cxb7 Bxb7 12. O-O O-O 13. e5 Bxf3 14. Qxf3
dxe5 15. Rd1 Qc8 16. Bg5 f6 17. Be3 Ng6 18. Bc5 Re8 19. Bb4 e4 20. Qe2 Qb7 21.
Re1 f5 22. a3 f4 23. c4 f3 24. gxf3 exf3 25. Qd3 Nf4 26. Qf5 Ne2+ 27. Kf1 Nd4
28. Qd5+ Qxd5 29. cxd5 Red8 30. d6 cxd6 31. Rad1 Nc2 32. Re6 d5 33. Rd2 Nxb4
34. axb4 Ra1+ 35. Rd1 Rxd1+ 36. Re1 Rxe1+ 37. Kxe1 Rc8 38. Kd2 Rc4 39. Kd3 Rxb4
40. Ke3 Rb3+ 41. Kd2 b4 42. Kc2 Rc3+ 43. Kd2 d4 44. Ke1 b3 45. Kd2 b2 46. h4
b1=Q 47. h5 Qb2+ 48. Kd1 Rc1# {White checkmated} 0-1

[Event "FICS rated blitz game"]
[Site "FICS freechess.org"]
[Date "2018.01.21"]
[Round "?"]
[White "montanya"]
[Black "adina"]
[Result "0-1"]
[WhiteElo "1406"]
[BlackElo "1391"]
[PlyCount "38"]
[EventDate "2018.??.??"]
[EventType "blitz"]

1. e4 e5 2. Nf3 Nc6 3. c3 Nf6 4. d3 Bc5 5. Qe2 Ng4 6. Be3 Bxe3 7. fxe3 O-O 8.
h3 Nf6 9. Qf2 d5 10. exd5 Nxd5 11. Qg3 e4 12. Ne5 Nxe5 13. Qxe5 Nxe3 14. Na3
exd3 15. Kd2 Re8 16. Qd4 Nxf1+ 17. Rhxf1 Qg5+ 18. Kxd3 Bf5+ 19. Kc4 Re4 {
White resigns} 0-1

[Event "FICS rated blitz game"]
[Site "FICS freechess.org"]
[Date "2018.01.21"]
[Round "?"]
[White "jsssstplayinn"]
[Black "artack"]
[Result "1-0"]
[WhiteElo "1592"]
[BlackElo "1599"]
[PlyCount "69"]
[EventDate "2018.??.??"]
[EventType "blitz"]

1. e4 e5 2. Nf3 Nc6 3. c3 Bc5 4. Bb5 Nf6 5. d4 exd4 6. c4 Bb4+ 7. Nbd2 Nxe4 8.
O-O Bxd2 9. Bxd2 O-O 10. Bc1 Qf6 11. Qd3 Nc5 12. Qd1 d3 13. Be3 d6 14. Bxc5
dxc5 15. Qxd3 Qxb2 16. Rfb1 Qf6 17. Ba4 Nd4 18. Nxd4 Qxd4 19. Qg3 b6 20. Bc2
Qxc4 21. Rc1 Qd4 22. Rd1 Qf6 23. Qd3 g6 24. Qe3 Bf5 25. Bb3 Rad8 26. h3 Rde8
27. Qg3 Re2 28. Qxc7 a5 29. Rf1 Re4 30. Qg3 a4 31. Bc2 Rb4 32. Bxf5 Qxf5 33. a3
Rb3 34. Qd6 c4 35. Qd1 1-0

[Event "FICS rated blitz game"]
[Site "FICS freechess.org"]
[Date "2018.01.21"]
[Round "?"]
[White "kiknit"]
[Black "RealHuman"]
[Result "0-1"]
[WhiteElo "1454"]
[BlackElo "1519"]
[PlyCount "74"]
[EventDate "2018.??.??"]
[EventType "blitz"]

1. e4 e5 2. Nf3 Nc6 3. c3 Nf6 4. d4 exd4 5. cxd4 Bb4+ 6. Nc3 Nxe4 7. d5 Nxc3 8.
Qb3 Nxd5+ 9. Nd2 Qe7+ 10. Be2 Nd4 11. Qd3 Qxe2+ 12. Qxe2+ Nxe2 13. Kxe2 Bxd2
14. Bxd2 O-O 15. Rhe1 Re8+ 16. Kf1 Rxe1+ 17. Rxe1 Nf6 18. Bc3 Kf8 19. Bb4+ d6
20. Re3 Be6 21. b3 Nd5 22. Re4 Nxb4 23. Rxb4 b6 24. f4 c5 25. Re4 d5 26. Re5 d4
27. h3 Re8 28. g4 Bd7 29. Rd5 Bc6 30. Rd6 Re6 31. Rd8+ Ke7 32. Rc8 Bb5+ 33. Kf2
d3 34. Rc7+ Kf6 35. Kf3 d2 36. g5+ Kf5 37. Rxf7+ Kg6 {White resigns} 0-1

[Event "FICS rated blitz game"]
[Site "FICS freechess.org"]
[Date "2018.01.21"]
[Round "?"]
[White "montanya"]
[Black "Retromba"]
[Result "0-1"]
[WhiteElo "1411"]
[BlackElo "1320"]
[PlyCount "88"]
[EventDate "2018.??.??"]
[EventType "blitz"]

1. e4 e5 2. Nf3 Nc6 3. c3 h6 4. Bb5 Bd6 5. Bxc6 dxc6 6. d4 Qe7 7. d5 cxd5 8.
Qxd5 c6 9. Qd3 Nf6 10. O-O Bg4 11. Rd1 Rd8 12. Qe3 O-O 13. Nbd2 a6 14. Qb6 Bc5
15. Qb3 Bxf3 16. gxf3 Nh5 17. Kh1 Qh4 18. Qxb7 Bxf2 19. Qxc6 Ng3+ 20. Kg2 Ne2
21. Qxa6 Nxc1 22. Raxc1 Be3 23. Qe2 Qg5+ 24. Kh1 Bxd2 25. Rg1 Qe3 26. Qxe3 Bxe3
27. Rc2 Bxg1 28. Kxg1 Rd1+ 29. Kg2 Rfd8 30. Kg3 R1d2 31. Rc1 Rxb2 32. a4 Ra8
33. c4 Rxa4 34. c5 Ra8 35. c6 Rc8 36. h4 Rb6 37. Rc5 Kh7 38. Rxe5 Rbxc6 39. f4
Rc3+ 40. Kg4 R3c5 41. Re7 f6 42. e5 fxe5 43. fxe5 R8c7 44. Re8 Rc4+ 0-1

[Event "FICS rated blitz game"]
[Site "FICS freechess.org"]
[Date "2018.01.21"]
[Round "?"]
[White "BiH"]
[Black "chi"]
[Result "1-0"]
[WhiteElo "1582"]
[BlackElo "1609"]
[PlyCount "53"]
[EventDate "2018.??.??"]
[EventType "blitz"]

1. e4 e5 2. Nf3 Nc6 3. c3 Be7 4. d4 exd4 5. cxd4 d6 6. h3 Nf6 7. Nc3 O-O 8. a3
a6 9. Bd3 b5 10. b4 Rb8 11. Be3 Re8 12. Rc1 Bf8 13. O-O Bb7 14. Bg5 h6 15. Bh4
g5 16. Bg3 Bg7 17. Re1 Nd7 18. Ne2 Nb6 19. d5 Ne5 20. Nfd4 Nec4 21. Nf5 Qf6 22.
Nxg7 Qxg7 23. Bxc4 Nxc4 24. Nd4 Nxa3 25. Nf5 Qg6 26. Rxc7 Kf8 27. Bxd6+ {
Black resigns} 1-0

[Event "FICS rated blitz game"]
[Site "FICS freechess.org"]
[Date "2018.01.21"]
[Round "?"]
[White "BiH"]
[Black "Bobok"]
[Result "1-0"]
[WhiteElo "1571"]
[BlackElo "1582"]
[PlyCount "33"]
[EventDate "2018.??.??"]
[EventType "blitz"]

1. e4 e5 2. Nf3 Nc6 3. c3 d5 4. Qa4 Nf6 5. Bb5 dxe4 6. Nxe5 Bd7 7. Bxc6 bxc6 8.
Nxc6 Qc8 9. b4 Bd6 10. Na3 O-O 11. O-O Ng4 12. h3 Ne5 13. b5 f5 14. Nc4 Nd3 15.
Nxd6 cxd6 16. Ba3 Rf6 17. Ne7+ {Black resigns} 1-0

[Event "FICS rated blitz game"]
[Site "FICS freechess.org"]
[Date "2018.01.21"]
[Round "?"]
[White "seved"]
[Black "chessnyc"]
[Result "1-0"]
[WhiteElo "1533"]
[BlackElo "1587"]
[PlyCount "63"]
[EventDate "2018.??.??"]
[EventType "blitz"]

1. e4 e5 2. Nf3 Nc6 3. c3 Nf6 4. Qa4 Bc5 5. d4 exd4 6. cxd4 Bb4+ 7. Nc3 Bxc3+
8. bxc3 Nxe4 9. d5 Nxc3 10. Qc4 Qe7+ 11. Be3 Ne5 12. Qxc3 Nxf3+ 13. gxf3 O-O
14. Bc4 d6 15. Rg1 g6 16. O-O-O Bf5 17. Bh6 f6 18. Rde1 Qf7 19. Re6 Rfe8 20.
Rge1 Bxe6 21. dxe6 Qe7 22. f4 c6 23. f5 d5 24. fxg6 hxg6 25. Bd3 Kh7 26. Bd2 b5
27. Qd4 c5 28. Qh4+ Kg8 29. Bxg6 c4 30. Bf7+ Qxf7 31. exf7+ Kxf7 32. Qh5+ {
Black resigns} 1-0

[Event "FICS rated blitz game"]
[Site "FICS freechess.org"]
[Date "2018.01.21"]
[Round "?"]
[White "Kyrseesee"]
[Black "frac"]
[Result "0-1"]
[WhiteElo "1379"]
[BlackElo "1656"]
[PlyCount "48"]
[EventDate "2018.??.??"]
[EventType "blitz"]

1. e4 e5 2. Nf3 Nc6 3. c3 d5 4. Qa4 Bd7 5. exd5 Nd4 6. Qd1 Nxf3+ 7. Qxf3 Nf6 8.
d4 exd4 9. cxd4 Bb4+ 10. Nc3 O-O 11. Be2 Re8 12. O-O Bg4 13. Qd3 Bxc3 14. Bxg4
Bxb2 15. Bxb2 Nxg4 16. h3 Nf6 17. Qb3 b6 18. Rac1 Nxd5 19. Ba3 Qd7 20. Rfe1
Rxe1+ 21. Rxe1 c6 22. Qg3 Re8 23. Rxe8+ Qxe8 24. Qd6 h6 {White resigns} 0-1

[Event "FICS rated blitz game"]
[Site "FICS freechess.org"]
[Date "2018.01.21"]
[Round "?"]
[White "sasfro"]
[Black "leading"]
[Result "1-0"]
[WhiteElo "1345"]
[BlackElo "1323"]
[PlyCount "67"]
[EventDate "2018.??.??"]
[EventType "blitz"]

1. e4 e5 2. Nf3 Nc6 3. c3 Nf6 4. d4 Nxe4 5. d5 Ne7 6. Nxe5 d6 7. Bb5+ c6 8.
dxc6 bxc6 9. Nxc6 Nxc6 10. Bxc6+ Bd7 11. Bxe4 Rb8 12. O-O Be7 13. Be3 Rxb2 14.
Bxa7 O-O 15. Bd4 Bf6 16. Nd2 Qa5 17. Nc4 Qb5 18. Nxb2 Qxb2 19. Bxf6 gxf6 20.
Qxd6 Be6 21. Qg3+ Kh8 22. Qh4 f5 23. Qf6+ Kg8 24. Bxf5 Bxf5 25. Qxf5 Qxc3 26.
Rac1 Qd4 27. Rfd1 Qa4 28. Rc2 Re8 29. Rdc1 Qd4 30. Qg5+ Kh8 31. Qc5 Qf4 32.
Qc3+ Kg8 33. Qg3+ Qxg3 34. hxg3 {Black resigns} 1-0

[Event "FICS rated blitz game"]
[Site "FICS freechess.org"]
[Date "2018.01.21"]
[Round "?"]
[White "Robeto"]
[Black "momaaa"]
[Result "0-1"]
[WhiteElo "1642"]
[BlackElo "1541"]
[PlyCount "146"]
[EventDate "2018.??.??"]
[EventType "blitz"]

1. e4 e5 2. Nf3 Nc6 3. c3 Bc5 4. Nxe5 Nxe5 5. d4 Qe7 6. dxc5 Qxc5 7. Qd4 Qxd4
8. cxd4 Nc6 9. Be3 d6 10. Bb5 Bd7 11. Nc3 Nf6 12. O-O a6 13. Ba4 b5 14. Bb3 b4
15. Nd5 Nxd5 16. Bxd5 Rb8 17. f4 O-O 18. e5 dxe5 19. fxe5 Ne7 20. Bc4 Nf5 21.
Bf2 a5 22. b3 Rfd8 23. d5 Bb5 24. Ba7 Rb7 25. Rxf5 Bxc4 26. bxc4 Rxa7 27. Raf1
Rf8 28. e6 f6 29. c5 Rd8 30. e7 Re8 31. d6 cxd6 32. cxd6 Rd7 33. Rd5 Kf7 34.
Re1 a4 35. Re3 b3 36. axb3 axb3 37. Rxb3 Rexe7 38. dxe7 Rxd5 39. Rb7 Ke8 40.
Kf2 Re5 41. Rb8+ Kf7 42. Rh8 h6 43. h4 Rxe7 44. Rb8 Kg6 45. g4 f5 46. Rb6+ Kf7
47. gxf5 Re5 48. Rb7+ Kf6 49. Kg3 Kxf5 50. Rf7+ Kg6 51. Rd7 Kf6 52. Kg4 g6 53.
Rd6+ Re6 54. Rd5 Re4+ 55. Kg3 g5 56. hxg5+ hxg5 57. Kf3 Re5 58. Rd6+ Kf5 59.
Rd8 g4+ 60. Kg3 Re3+ 61. Kg2 Re2+ 62. Kg3 Re3+ 63. Kg2 Kf4 64. Rf8+ Kg5 65.
Rg8+ Kh4 66. Rh8+ Kg5 67. Rg8+ Kf4 68. Rf8+ Kg5 69. Rg8+ Kh4 70. Rh8+ Kg5 71.
Rg8+ Kh4 72. Rh8+ Kg5 73. Rg8+ Kh4 0-1

[Event "FICS rated standard game"]
[Site "FICS freechess.org"]
[Date "2018.01.21"]
[Round "?"]
[White "chippops"]
[Black "deruja"]
[Result "1-0"]
[WhiteElo "1391"]
[BlackElo "1263"]
[PlyCount "155"]
[EventDate "2018.??.??"]

1. e4 e5 2. Nf3 Nc6 3. c3 d6 4. Bb5 Bd7 5. a4 h6 6. a5 Nxa5 7. Rxa5 b6 8. Bxd7+
Qxd7 9. Ra1 Nf6 10. d3 c5 11. Qa4 b5 12. Qb3 Be7 13. c4 b4 14. Qa4 Qxa4 15.
Rxa4 O-O 16. b3 a5 17. O-O Ng4 18. h3 Nf6 19. g4 g5 20. Be3 Kg7 21. Nbd2 Nd7
22. Rfa1 Nb6 23. Rxa5 Rxa5 24. Rxa5 Ra8 25. Rxa8 Nxa8 26. Nb1 Nb6 27. Kg2 f6
28. Kg3 Kg6 29. h4 gxh4+ 30. Nxh4+ Kg7 31. Nf5+ Kf7 32. Nxh6+ Kg6 33. Nf5 Bf8
34. Kh4 Nd7 35. f3 Kf7 36. Kh5 Be7 37. g5 fxg5 38. Bxg5 Bxg5 39. Kxg5 Nf8 40.
Kh4 Ke6 41. Nd2 Ng6+ 42. Kg5 Nf4 43. Ng7+ Kf7 44. Nf5 Nxd3 45. Nxd6+ Ke6 46.
Nb5 Nf4 47. Nc7+ Kd6 48. Nd5 Nxd5 49. exd5 Ke7 50. Kf5 Kd6 51. Ne4+ Ke7 52.
Kxe5 Kf7 53. d6 Ke8 54. f4 Kd7 55. f5 Ke8 56. f6 Kd7 57. Ng5 Ke8 58. f7+ Kf8
59. Ke6 Kg7 60. Ke7 Kg6 61. Ne4 Kg7 62. Nxc5 Kg6 63. f8=Q Kg5 64. Na6 Kg4 65.
Nxb4 Kg5 66. d7 Kg4 67. d8=Q Kg5 68. Qd5+ Kg4 69. Qff5+ Kg3 70. Qd4 Kg2 71.
Qc2+ Kg3 72. Qcf2+ Kh3 73. Qde3+ Kg4 74. Qeg3+ Kh5 75. Qff3+ Kh6 76. Qgg4 Kh7
77. Qg5 Kh8 78. Qh3# {Black checkmated} 1-0

[Event "FICS rated blitz game"]
[Site "FICS freechess.org"]
[Date "2018.01.21"]
[Round "?"]
[White "SargonV"]
[Black "cyberfan"]
[Result "1-0"]
[WhiteElo "1539"]
[BlackElo "1446"]
[PlyCount "27"]
[EventDate "2018.??.??"]
[EventType "blitz"]

1. e4 e5 2. Nf3 Nc6 3. c3 Bc5 4. d4 exd4 5. cxd4 Bb4+ 6. Nc3 Qe7 7. Bd3 d6 8.
O-O Bg4 9. Qa4 Bxc3 10. bxc3 Bd7 11. Rb1 b6 12. Bb5 h6 13. Bxc6 Bxc6 14. Qxc6+
{Black resigns} 1-0

[Event "FICS rated blitz game"]
[Site "FICS freechess.org"]
[Date "2018.01.21"]
[Round "?"]
[White "proximab"]
[Black "txbeda"]
[Result "0-1"]
[WhiteElo "2094"]
[BlackElo "1917"]
[PlyCount "78"]
[EventDate "2018.??.??"]
[EventType "blitz"]

1. e4 e5 2. Nf3 Nc6 3. c3 d5 4. Qa4 dxe4 5. Nxe5 Bd7 6. Nxd7 Qxd7 7. Qxe4+ Nge7
8. d4 O-O-O 9. Be2 Re8 10. O-O Nf5 11. Qd3 Bd6 12. Bg4 g6 13. Bxf5 gxf5 14. g3
h5 15. d5 Ne5 16. Qe3 h4 17. Qxa7 c6 18. dxc6 Qxc6 19. Rd1 Nf3+ 20. Kf1 Nxh2+
21. Kg1 Nf3+ 22. Kf1 h3 23. Qa8+ Bb8 24. Qxb8+ Kxb8 25. Bf4+ Ka8 26. Rd8+ Rxd8
27. Nd2 Nxd2+ 28. Bxd2 Rhe8 29. Be3 Rxe3 30. fxe3 Qf3+ 31. Ke1 Qxe3+ 32. Kf1
Qf3+ 33. Ke1 Qxg3+ 34. Ke2 f4 35. a4 Qe3+ 36. Kf1 h2 37. Kg2 Qg3+ 38. Kh1 f3
39. b3 Qg2# {White checkmated} 0-1

[Event "FICS rated blitz game"]
[Site "FICS freechess.org"]
[Date "2018.01.21"]
[Round "?"]
[White "BiH"]
[Black "TheWarden"]
[Result "1-0"]
[WhiteElo "1578"]
[BlackElo "1601"]
[PlyCount "25"]
[EventDate "2018.??.??"]
[EventType "blitz"]

1. e4 e5 2. Nf3 Nc6 3. c3 d6 4. d4 Bg4 5. d5 Bxf3 6. gxf3 Nce7 7. c4 f5 8. Nc3
Qd7 9. Bh3 g6 10. Qc2 Bg7 11. exf5 Nxf5 12. Ne4 Nd4 13. Bxd7+ {Black resigns}
1-0

[Event "FICS rated blitz game"]
[Site "FICS freechess.org"]
[Date "2018.01.21"]
[Round "?"]
[White "proximab"]
[Black "manuperez"]
[Result "1-0"]
[WhiteElo "2075"]
[BlackElo "1498"]
[PlyCount "27"]
[EventDate "2018.??.??"]
[EventType "blitz"]

1. e4 e5 2. Nf3 Nc6 3. c3 Nf6 4. d4 exd4 5. e5 Qe7 6. cxd4 d5 7. Nc3 Bg4 8. Be3
O-O-O 9. exf6 Qxf6 10. Be2 Bxf3 11. Bxf3 Re8 12. O-O Bd6 13. Bxd5 Qh4 14. g3 {
Black resigns} 1-0

[Event "FICS rated blitz game"]
[Site "FICS freechess.org"]
[Date "2018.01.21"]
[Round "?"]
[White "HBtime"]
[Black "melun"]
[Result "0-1"]
[WhiteElo "1732"]
[BlackElo "1711"]
[PlyCount "47"]
[EventDate "2018.??.??"]
[EventType "blitz"]

1. e4 e5 2. Nf3 Nc6 3. c3 d5 4. exd5 Qxd5 5. d4 e4 6. Nfd2 f5 7. Bc4 Qd6 8. O-O
Nf6 9. b4 Be6 10. Na3 O-O-O 11. Bb2 h5 12. Qa4 Kb8 13. b5 Ne7 14. Nb3 Bc8 15.
Nc5 Qf4 16. Bc1 Qg4 17. h3 Qg6 18. Bf4 Ned5 19. Bd2 f4 20. Qb3 f3 21. g3 Bd6
22. Kh2 h4 23. Rg1 hxg3+ 24. Rxg3 {White resigns} 0-1

[Event "FICS rated blitz game"]
[Site "FICS freechess.org"]
[Date "2018.01.21"]
[Round "?"]
[White "thuruthelan"]
[Black "hutar"]
[Result "1-0"]
[WhiteElo "1279"]
[BlackElo "1547"]
[PlyCount "79"]
[EventDate "2018.??.??"]
[EventType "blitz"]

1. e4 e5 2. Nf3 Nc6 3. c3 Nf6 4. d3 a6 5. Be2 Be7 6. O-O d5 7. Bg5 O-O 8. Bxf6
Bxf6 9. exd5 Qxd5 10. Nbd2 Bf5 11. c4 Qd6 12. Ne4 Bxe4 13. dxe4 Rad8 14. Qb3 b6
15. h3 Nd4 16. Nxd4 Qxd4 17. Bd3 c5 18. Rfd1 Qd6 19. Be2 Qc6 20. Bf3 Rd4 21.
Rd3 Rfd8 22. Rad1 h6 23. Qc2 b5 24. b3 b4 25. g3 a5 26. Bg2 a4 27. f4 Ra8 28.
fxe5 Bxe5 29. Qf2 Rxd3 30. Rxd3 axb3 31. Kh2 Rxa2 32. Rd8+ Kh7 33. Qf5+ Qg6 34.
Qxe5 b2 35. Qe8 Qf6 36. e5 Qe6 37. Be4+ f5 38. exf6+ Qxe4 39. Qxe4+ g6 40. Qe7#
{Black checkmated} 1-0

[Event "FICS rated blitz game"]
[Site "FICS freechess.org"]
[Date "2018.01.21"]
[Round "?"]
[White "jsssstplayinn"]
[Black "Shunshun"]
[Result "1-0"]
[WhiteElo "1595"]
[BlackElo "1492"]
[PlyCount "103"]
[EventDate "2018.??.??"]
[EventType "blitz"]

1. e4 e5 2. Nf3 Nc6 3. c3 Bc5 4. Bb5 d6 5. d4 exd4 6. cxd4 Bb4+ 7. Nc3 Bd7 8.
d5 Ne5 9. Bxd7+ Nxd7 10. O-O Ngf6 11. Re1 O-O 12. Bg5 h6 13. Bh4 Re8 14. Nd2
Nc5 15. a3 Bxc3 16. bxc3 Qe7 17. f3 Ncd7 18. Nc4 Ne5 19. Ne3 g5 20. Bg3 Nh5 21.
Nf5 Qf6 22. Bxe5 Qxe5 23. Rf1 Qxc3 24. Nxh6+ Kh7 25. Nf5 Nf4 26. Rc1 Qa5 27.
Qe1 Qxe1 28. Rcxe1 Kg6 29. g3 Nh5 30. h4 gxh4 31. Nxh4+ Kg7 32. Nf5+ Kf6 33.
Kg2 Rg8 34. Rh1 Nf4+ 35. Kf2 Nd3+ 36. Ke2 Nxe1 37. Nh6 Rg6 38. Ng4+ Kg7 39.
Rxe1 Rh8 40. Ke3 c6 41. dxc6 bxc6 42. Rd1 Re8 43. a4 a5 44. Rd3 d5 45. Rc3 dxe4
46. Rc5 exf3+ 47. Kxf3 Re1 48. Rxa5 Rf1+ 49. Kg2 Ra1 50. Kf3 Ra3+ 51. Kg2 Rxg4
52. Ra6 1-0

[Event "FICS rated blitz game"]
[Site "FICS freechess.org"]
[Date "2018.01.21"]
[Round "?"]
[White "proximab"]
[Black "Geforce"]
[Result "0-1"]
[WhiteElo "2077"]
[BlackElo "2072"]
[PlyCount "42"]
[EventDate "2018.??.??"]
[EventType "blitz"]

1. e4 e5 2. Nf3 Nc6 3. c3 Nf6 4. d4 Nxe4 5. d5 Bc5 6. dxc6 Bxf2+ 7. Ke2 d5 8.
cxb7 Bxb7 9. Qa4+ c6 10. Nxe5 O-O 11. Nd2 Re8 12. Nxe4 Rxe5 13. Kxf2 Rxe4 14.
Qb3 Qf6+ 15. Kg3 Rae8 16. Qxb7 Re3+ 17. Bxe3 Rxe3+ 18. Kg4 h5+ 19. Kxh5 Re5+
20. Kg4 Rg5+ 21. Kh3 Qh6# {White checkmated} 0-1

[Event "FICS rated standard game"]
[Site "FICS freechess.org"]
[Date "2018.01.21"]
[Round "?"]
[White "guire"]
[Black "porttela"]
[Result "0-1"]
[WhiteElo "1459"]
[BlackElo "1650"]
[PlyCount "58"]
[EventDate "2018.??.??"]

1. e4 e5 2. Nf3 Nc6 3. c3 d6 4. Bc4 h6 5. d4 f6 6. Bxg8 Rxg8 7. d5 Ne7 8. O-O
f5 9. exf5 Bxf5 10. c4 Ng6 11. Qa4+ Bd7 12. Qc2 Qf6 13. Nbd2 Bf5 14. Ne4 Bxe4
15. Qxe4 Be7 16. Be3 b6 17. Qc2 Kf7 18. Qa4 Rgf8 19. Qd7 Rac8 20. a4 Kg8 21.
Qe6+ Qxe6 22. dxe6 Rf6 23. a5 Rxe6 24. a6 Rf8 25. Nd2 Nh4 26. g3 Nf5 27. b4
Ref6 28. Ne4 R6f7 29. f3 Nxe3 {White resigns} 0-1

[Event "FICS rated blitz game"]
[Site "FICS freechess.org"]
[Date "2018.01.21"]
[Round "?"]
[White "ejbelen"]
[Black "DELAVINANDIOR"]
[Result "0-1"]
[WhiteElo "1441"]
[BlackElo "1511"]
[PlyCount "74"]
[EventDate "2018.??.??"]
[EventType "blitz"]

1. e4 e5 2. Nf3 Nc6 3. c3 Nf6 4. d3 Be7 5. h3 d5 6. exd5 Nxd5 7. Be2 Be6 8. O-O
O-O 9. Re1 Qd7 10. b4 b5 11. a4 a6 12. a5 f6 13. Bd2 Bd6 14. Qc2 Nce7 15. Na3
Ng6 16. Rab1 Bxh3 17. gxh3 Qxh3 18. Nh2 e4 19. f4 exf3 20. Nxf3 Qg3+ 21. Kf1
Ndf4 22. Bxf4 Nxf4 23. Bd1 Rae8 24. Rxe8 Rxe8 25. Qf2 Qh3+ 26. Kg1 Nxd3 27.
Bb3+ Kh8 28. Qg2 Qh5 29. Nc2 Nf4 30. Qf1 Re2 31. Nce1 Qg4+ 32. Kh1 Qh5+ 33. Kg1
Qg6+ 34. Kh1 Qh5+ 35. Kg1 Nh3+ 36. Kh1 Nf2+ 37. Kg1 Qh1# {White checkmated} 0-1